00401nam a22001217a 4500020000800000040001600008082001300024100002400037245007700061250002300138260007400161300004400235 qHB. cFIZZA ISHAQ a423bMOR a Morris , William. aAmerican heritage dictionary of the English language /c William Morris. a‎ First Edition. aNew York:bAmerican Heritage Publishing Co./ Houghton Mifflin,c1969. aL ; 1550 P. ;c11.1 x 8.2 x 2.2 inches,